000
00305nam a22001457a 4500
008
181018b xxu||||| |||| 00| 0 eng d
020
_a
0394711467
041
_a
eng
080
_a
616.8
082
_a
616.8
100
_a
7
101
_a
TRU
245
_a
The conscious brain
_c
Rose.S
942
_2
udc
_c
BK
999
_c
50118
_d
50118